| 000 | 00776nam a2200229 i 4500 | ||
|---|---|---|---|
| 001 | 103625 | ||
| 003 | ES-MaACL | ||
| 005 | 20250902190727.0 | ||
| 007 | t| | ||
| 008 | 060425s1973 pr ||||1| spa d | ||
| 080 | _a929 Baldorioty de Castro, Ramón | ||
| 100 | 1 |
_aCruz Monclova, Lidio. _941837 |
|
| 245 | 1 | 0 |
_aBaldorioty de Castro _b: (su vida, sus ideas) / _cLidio Cruz Monclova. |
| 260 |
_aSan Juan, Puerto Rico : _bInstituto de Cultura Puertorriqueña, _c1973. |
||
| 300 |
_a419 p. ; _c18 cm. |
||
| 490 | 1 | _aBiblioteca popular | |
| 600 | 1 | 4 |
_aBaldorioty de Castro, Román, _d1822-1889 _924898 |
| 710 | 2 |
_aInstituto de Cultura Puertorriqueña. _94858 |
|
| 830 | 0 |
_aBiblioteca popular _9181768 |
|
| 852 |
_aES-MaACL _jC-56855 _bR.137511 |
||
| 999 |
_c103625 _d103625 |
||